MARC details
| 000 -LEADER |
| fixed length control field |
02314nam a2200397 i 4500 |
| 001 - CONTROL NUMBER |
| control field |
17078709 |
| 003 - CONTROL NUMBER IDENTIFIER |
| control field |
EG-ScBUE |
| 005 - DATE AND TIME OF LATEST TRANSACTION |
| control field |
20240527084000.0 |
| 008 - FIXED-LENGTH DATA ELEMENTS--GENERAL INFORMATION |
| fixed length control field |
110905s2011 enk f b 001 0 eng d |
| 020 ## - INTERNATIONAL STANDARD BOOK NUMBER |
| International Standard Book Number |
9781849041591 |
| 035 ## - SYSTEM CONTROL NUMBER |
| System control number |
(Uk-RwCLS)uk17454207 |
| 040 ## - CATALOGING SOURCE |
| Original cataloging agency |
DLC |
| Language of cataloging |
eng |
| Description conventions |
rda |
| Transcribing agency |
DLC |
| Modifying agency |
EG-ScBUE |
| 082 04 - DEWEY DECIMAL CLASSIFICATION NUMBER |
| Edition number |
22 |
| Classification number |
956.054 |
| Item number |
FIL |
| 100 1# - MAIN ENTRY--PERSONAL NAME |
| Personal name |
Filiu, Jean-Pierre, |
| Relator term |
author. |
| 9 (RLIN) |
28749 |
| 245 14 - TITLE STATEMENT |
| Title |
The Arab revolution : |
| Remainder of title |
ten lessons from the democratic uprising / |
| Statement of responsibility, etc |
Jean-Pierre Filiu. |
| 264 #1 - PUBLICATION, DISTRIBUTION, ETC. (IMPRINT) |
| Place of publication, distribution, etc |
London : |
| Name of publisher, distributor, etc |
C Hurst & Co Publishers Ltd, |
| Date of publication, distribution, etc |
2011. |
| 300 ## - PHYSICAL DESCRIPTION |
| Extent |
xii, 195 pages ; |
| Dimensions |
22 cm. |
| 336 ## - CONTENT TYPE |
| Source |
rdacontent |
| Content type term |
text |
| Content type code |
txt |
| 337 ## - MEDIA TYPE |
| Media type term |
unmediated |
| Source |
rdamedia |
| Media type code |
n |
| 338 ## - CARRIER TYPE |
| Carrier type term |
volume |
| Carrier type code |
nc |
| Source |
rdacarrier |
| 490 0# - SERIES STATEMENT |
| Series statement |
Comparative politics and international studies series |
| 504 ## - BIBLIOGRAPHY, ETC. NOTE |
| Bibliography, etc |
Includes bibliographical references and index. |
| 505 ## - FORMATTED CONTENTS NOTE |
| Formatted contents note |
Arabs are no exception -- Muslims are not only Muslims -- Anger is power for the younger -- Social networks work -- Leaderless movements can win -- The alternative to democracy is chaos -- Islamists must choose -- Jihadis could become obsolete -- Palestine is still the mantra --No domino effect in the renaissance -- Appendices: Lyrics of "Mister president" by el-General (Sfax, December 2010) -- Manifesto of the Gaza youth (14 december 2010) -- Message of the April 6th Movement -- (Cairo, 15 January 2011) -- Comments by Sheikh Salman al-Awda -- (Riyadh, 7 February 2011) -- Communiqué of the Revolutionary Youth -- (Cairo, 12 February 2011) -- Charter of the National Transitional Council -- (Benghazi, 2 March 2011) --Statement of the Syrian local coordination committees -- |
| 650 #7 - SUBJECT ADDED ENTRY--TOPICAL TERM |
| 9 (RLIN) |
28747 |
| Topical term or geographic name as entry element |
Protest movements |
| General subdivision |
History |
| Chronological subdivision |
21st century |
| Geographic subdivision |
Middle East. |
| Source of heading or term |
BUEsh |
| 650 #7 - SUBJECT ADDED ENTRY--TOPICAL TERM |
| 9 (RLIN) |
28748 |
| Topical term or geographic name as entry element |
Protest movements |
| General subdivision |
History |
| Chronological subdivision |
21st century |
| Geographic subdivision |
Arab countries. |
| Source of heading or term |
BUEsh |
| 650 #7 - SUBJECT ADDED ENTRY--TOPICAL TERM |
| 9 (RLIN) |
11825 |
| Topical term or geographic name as entry element |
Democracy |
| Geographic subdivision |
Middle East. |
| Source of heading or term |
BUEsh |
| 650 #7 - SUBJECT ADDED ENTRY--TOPICAL TERM |
| 9 (RLIN) |
11823 |
| Topical term or geographic name as entry element |
Democratization |
| Geographic subdivision |
Middle East. |
| Source of heading or term |
BUEsh |
| 650 #7 - SUBJECT ADDED ENTRY--TOPICAL TERM |
| 9 (RLIN) |
11823 |
| Topical term or geographic name as entry element |
Democratization |
| Geographic subdivision |
Middle East. |
| Source of heading or term |
BUEsh |
| 650 #7 - SUBJECT ADDED ENTRY--TOPICAL TERM |
| 9 (RLIN) |
11822 |
| Topical term or geographic name as entry element |
Democratization |
| Geographic subdivision |
Arab countries. |
| Source of heading or term |
BUEsh |
| 651 #7 - SUBJECT ADDED ENTRY--GEOGRAPHIC NAME |
| 9 (RLIN) |
28746 |
| Geographic name |
Arab countries |
| General subdivision |
Politics and government |
| Chronological subdivision |
21st century. |
| Source of heading or term |
BUEsh |
| 651 #7 - SUBJECT ADDED ENTRY--GEOGRAPHIC NAME |
| 9 (RLIN) |
22790 |
| Geographic name |
Middle East |
| General subdivision |
Politics and government |
| Chronological subdivision |
21st century. |
| Source of heading or term |
BUEsh |
| 653 ## - INDEX TERM--UNCONTROLLED |
| Arrived date list |
February2012 |
| 655 ## - INDEX TERM--GENRE/FORM |
| Form subdivision |
Reading book |
| 942 ## - ADDED ENTRY ELEMENTS (KOHA) |
| Source of classification or shelving scheme |
Dewey Decimal Classification |
| Koha item type |
Book - Borrowing |